Advances in computational mathematics : proceedings of the Guangzhou international symposium /

Bibliographic Details
Other Authors: Chen, Zhongying, 1946-
Format: Book
Language:English
Published: New York : Marcel Dekker, [1999]
Series:Lecture notes in pure and applied mathematics ; v. 202.
Subjects:

MARC

Tag First Indicator Second Indicator Subfields
LEADER 00000cam a2200000 a 4500
001 in00001472004
005 20151021051832.0
008 980728s1999 nyua b 100 0 eng
010 |a  98038673  
020 |a 0824719468 (alk. paper) 
035 |a (OCoLC)39658921 
035 |9 AJE1820AM 
040 |a DLC  |c DLC  |d GZM  |d C#P  |d TXA  |d UtOrBLW 
049 |a TXAM 
050 0 0 |a QA297  |b .C6335 1999 
082 0 0 |a 519.4  |2 21 
245 0 0 |a Advances in computational mathematics :  |b proceedings of the Guangzhou international symposium /  |c edited by Zhongying Chen [and others]. 
264 1 |a New York :  |b Marcel Dekker,  |c [1999] 
264 4 |c ©1999 
300 |a xx, 604 pages :  |b illustrations ;  |c 26 cm. 
336 |a text  |b txt  |2 rdacontent 
337 |a unmediated  |b n  |2 rdamedia 
338 |a volume  |b nc  |2 rdacarrier 
490 1 |a Lecture notes in pure and applied mathematics ;  |v 202 
504 |a Includes bibliographical references. 
650 0 |a Numerical analysis  |v Congresses. 
700 1 |a Chen, Zhongying,  |d 1946- 
830 0 |a Lecture notes in pure and applied mathematics ;  |v v. 202. 
948 |a c:jal 
999 |a MARS 
999 f f |s 71d0e903-042f-3eab-a15d-0ce8d0b79050  |i 13c4aea2-b126-35ea-bc5b-376f420cbe77  |t 0 
952 f f |p ric  |a Texas A&M University  |b Rellis Campus  |c Joint Library Facility  |d Remote Storage  |t 0  |e QA297 .C6335 1999  |h Library of Congress classification  |i unmediated -- volume  |m A14823975548 
998 f f |a QA297 .C6335 1999  |t 0  |l Remote Storage